Kviz o Šibensko-kninskoj županiji - Statistics

General Stats
  • This quiz has been taken 2 times
  • The average score is 16 of 25
Answer Stats
Hint Answer % Correct
Početak pobune hrvatskih Srba 1990., nazvan po cestovnim barikadama {Balvan} revolucija
100%
Planina po kojoj je nazvano okolno gorje u kojem žive najviši ljudi na svijetu Dinara
100%
Secesijski i modernistički kipar (Zdenac života) Ivan Meštrović
100%
Renesansni kipar koji je radio na Šibenskoj katedrali, između ostalog Juraj Dalmatinac
100%
Otočje s otocima kao što su Mrtvac, Prduša Mala i Babina Guzica; najljepše mjesto na svijetu prema Georgeu Bernardu Shawu Kornati
100%
Rijeka i nacionalni park sa sedrenim slapovima, čovječjom ribicom i srednjovjekovnim utvrdama Krka
100%
Pjevač zabavne glazbe; najprodavaniji hrvatski glazbenik (Ostala si uvijek ista) Mišo Kovač
100%
Vojno-redarstvena akcija koja je ukinula Srpsku Krajinu i dovela do kraja Domovinskog rata, 1995. Oluja
100%
Crno-narančasti odjevni predmet šibenska {kapa}
100%
Izumitelj svjetiljke Maglite, desetljećima standardne opreme američkih policajaca Ante Maglica
50%
Šansonijer, kantautor, skladatelj i pjesnik (Čovjek kao ja) Arsen Dedić
50%
Velika ilirska pobuna protiv Rimljana koju su vodila dva poglavara zvana Baton (1. st.) {Batonski} rat
50%
Modernistički književnik (Alkar) Dinko Šimunović
50%
Diplomat, inženjer, urbanist, izumitelj, leksikograf, biskup; dizajnirao padobran, viseći most, vjetroagregat s okomitom osovinom, i dr. Faust Vrančić
50%
Satirički dramatičar i scenarist (Predstava Hamleta u selu Mrduša Donja) Ivo Brešan
50%
Tradicionalna dalmatinska vokalna glazba a capella klapa
50%
Baletni skladatelj (Licitarsko srce) Krešimir Baranović
50%
Klasični pijanist (The Piano Player) Maksim Mrvica
50%
Leksikograf, književnik, talijanaš i sudionik Mletačke revolucije 1848. (Rječnik talijanskoga jezika) Niccolò Tommaseo
50%
Heroj NOB-a strijeljan u Šibeniku; po njemu su nazvane razne jugoslavenske tvrtke Rade Končar
50%
Srednjovjekovna velikaška obitelj sa sjedištem u Bribiru Šubići
50%
Neosimbolistička pjesnikinja (Ti koja imaš nevinije ruke) Vesna Parun
50%
Pjevač zabavne glazbe i proljećar (Mirno teku rijeke) Vice Vukov
50%
Povjesničar i humanistički pjesnik (Tri knjige elegija i lirskih pjesama) Juraj Šižgorić
0%
Harambaša i morlački zapovjednik opjevan u Gorskom vijencu Petra II. Petrovića Njegoša Vuk Mandušić
0%
No matching quizzes found
Score Distribution
Percent of People with Each Score
Percentile by Number Answered
Your Score History
You have not taken this quiz